000 00374nam a2200145Ia 4500
008 240729s9999 xx 000 0 und d
022 _a1177-083X
245 0 _aKōtuitui
260 _aNew Zealand
260 _bTaylor & Francis Group
650 _aSocial Sciences
856 _uhttps://doaj.org/toc/d7eeda620d0541bfba0dbf3d232790cc
942 _2ddc
942 _cDOAJEJ
999 _c73160
_d73160
945 _a1
_bMadushi Gamage
_c1
_dMadushi Gamage